| 000 | 01168cam a2200289 4500 | ||
|---|---|---|---|
| 008 | 040525n2004 000 0 eng u | ||
| 020 | _a1859461239 | ||
| 035 | _a(Sirsi) u126277 | ||
| 041 | _aeng | ||
| 050 |
_a658.404 _c22 |
||
| 100 | _aMurray, Michael | ||
| 245 | _aArchitect's handbook of construction project management | ||
| 260 |
_aLondon _bRIBA _c2004 |
||
| 300 |
_axviii, 350p. _c25cm. |
||
| 350 | _a45 | ||
| 520 | _aWritten primarily for architects and other design professionals, this handbook explains the management processes and strategies employed during the running of construction projects. Covers: project inception and briefing; design management; procurement; construction operations; post project evaluation; facilities management; and the future role of architects in the building process. | ||
| 650 | _aDESIGN MANAGEMENT | ||
| 650 | _aPROJECT BRIEFING | ||
| 650 | _aMANAGEMENT-PROJECT MANAGEMENT | ||
| 650 | _aProcurement-old | ||
| 650 |
_aFACILITIES MANAGEMENT _96240 |
||
| 650 | _aCONSTRUCTION PROJECTS | ||
| 650 | _aARCHITECTS | ||
| 690 | _aBUILDING AND CONSTRUCTION-PROJECTS | ||
| 700 | _aLangford, David | ||
| 942 | _n0 | ||
| 999 |
_c103595 _d103595 |
||